000 00703nam a2200205 a 4500
008 120416s1981 ||||||||||||||||| || u
020 _a0471085790
050 _aHD 31 Bel
100 _aHampton, David R
245 1 0 _aManagement today. (2nd ed.)
_cJames A. Belasco; David R. Hampton; Karl F. Price
250 _a2nd ed.
260 _aNew Delhi:
_bJohn Wiley and Sons
_c1981
300 _avii, 460p.: ill.
350 _a0.00
650 0 _aMANAGEMENT
650 _aMANAGEMENT--CASE STUDIES
700 _aPrice, Karl F
700 _aBelasco, James A
995 _D0.00
_FCBU-MAIN LIBRARY (Kitwe)
_H1
_I0.00
_M1
_UDAMAGED
_ZMain Library Open Access Collection
999 _c50044
_d50044